Elementos de la metalógica y metamatemática

Na minha lista:
Detalhes bibliográficos
Autor principal: Stahl, Gerold (Author)
Formato: Livro
Idioma:espanhol
Publicado em: Santiago Universitaria 1964
Colecção:Contribuciones a la lógica simbólica, 3
Assuntos:
Tags: Adicionar Tag
Sem tags, seja o primeiro a adicionar uma tag!

MARC

LEADER 00000nam a2200000 a 4500
001 UCW0816
003 CL-VaPUC
008 890828e19640000CL |||||||||||||||||spa|d
082 0 4 |a 510.1  |b STA  |2 21 
100 0 |a Stahl, Gerold  |e author  |9 304751 
245 1 0 |a Elementos de la metalógica y metamatemática 
300 |a 160 p 
942 |c BK 
945 |d 19890828 00:00:00 
260 |a Santiago  |b Universitaria  |c 1964 
650 0 |a Metamatemáticas  |9 268160 
583 |a last modification  |c 20151117 18:49:36  |k Rodrigo Vera 
490 0 |a Contribuciones a la lógica simbólica, 3 
999 |c 215868  |d 215866